[Event "Saint Louis Spring-B"]
[Site "Saint Louis"]
[Date "2024.04.19"]
[Round "9"]
[White "Kantor, Gergely"]
[Black "Ali Marandi, Cemil Can"]
[Result "1/2-1/2"]
[WhiteElo "2527"]
[BlackElo "2516"]
[PlyCount "45"]
[EventDate "2024.04.11"]
[EventType "tourn"]
[EventRounds "9"]
[EventCountry "USA"]
[EventCategory "10"]
[SourceTitle "CB17_2024"]
[SourceDate "2024.04.24"]
[SourceVersion "1"]
[SourceVersionDate "2024.04.24"]
[SourceQuality "1"]

1. d4 d5 2. c4 c6 3. Nf3 Nf6 4. Nc3 e6 5. e3 Nbd7 6. Qc2 Bd6 7. Bd3 0-0 8. 0-0 e5 9. cxd5 cxd5 10. e4 dxe4 11. Nxe4 Nxe4 12. Bxe4 h6 13. Be3 exd4 14. Bh7+ Kh8 15. Bxd4 Nf6 16. Bf5 Qa5 17. Bxc8 Rfxc8 18. Qb3 Qd5 19. Qd1 Qf5 20. Nh4 Qg5 21. Nf3 Qf5 22. Nh4 Qg5 23. Nf3 1/2-1/2

[Event "Saint Louis Spring-B"]
[Site "Saint Louis"]
[Date "2024.04.13"]
[Round "3"]
[White "Ali Marandi, Cemil Can"]
[Black "Raja, Harshit"]
[Result "1/2-1/2"]
[WhiteElo "2516"]
[BlackElo "2458"]
[PlyCount "76"]
[EventDate "2024.04.11"]
[EventType "tourn"]
[EventRounds "9"]
[EventCountry "USA"]
[EventCategory "10"]
[SourceTitle "CB17_2024"]
[SourceDate "2024.04.24"]
[SourceVersion "1"]
[SourceVersionDate "2024.04.24"]
[SourceQuality "1"]

1. e4 e5 2. Nf3 Nc6 3. Bb5 Nf6 4. 0-0 Nxe4 5. d4 Nd6 6. Ba4 e4 7. Ne5 Be7 8. Nc3 0-0 9. Re1 Bf6 10. Nxe4 Nxe4 11. Rxe4 Nxd4 12. Qxd4 d6 13. Bf4 Bf5 14. Re2 dxe5 15. Qxd8 Raxd8 16. Bxe5 Bxe5 17. Rxe5 Be6 18. Re2 c6 19. Bb3 Bxb3 20. axb3 Rd7 21. g3 a6 22. Rae1 g6 23. b4 Kg7 24. c3 Rfd8 25. Kg2 Rd2 26. Rxd2 Rxd2 27. Re7 Rxb2 28. Rxb7 Rc2 29. Rb6 Rxc3 30. Rxa6 c5 31. bxc5 Rxc5 32. h4 h5 33. Ra3 Rb5 34. Rc3 Rd5 35. Ra3 Rf5 36. Rc3 Rd5 37. Ra3 Rf5 38. Rc3 Rd5 1/2-1/2

[Event "Saint Louis Spring-B"]
[Site "Saint Louis"]
[Date "2024.04.11"]
[Round "1"]
[White "Ali Marandi, Cemil Can"]
[Black "Woodward, Andy"]
[Result "1/2-1/2"]
[WhiteElo "2516"]
[BlackElo "2515"]
[PlyCount "82"]
[EventDate "2024.04.11"]
[EventType "tourn"]
[EventRounds "9"]
[EventCountry "USA"]
[EventCategory "10"]
[SourceTitle "CB17_2024"]
[SourceDate "2024.04.24"]
[SourceVersion "1"]
[SourceVersionDate "2024.04.24"]
[SourceQuality "1"]

1. d4 Nf6 2. c4 g6 3. Nc3 d5 4. cxd5 Nxd5 5. e4 Nxc3 6. bxc3 Bg7 7. Nf3 c5 8. Bb5+ Nc6 9. 0-0 0-0 10. Bxc6 bxc6 11. Qc2 cxd4 12. cxd4 Bg4 13. Ne5 Qxd4 14. Bb2 Qb6 15. Rab1 Bxe5 16. Bxe5 Qa5 17. Bc3 Qa6 18. Qd2 Be6 19. Bb4 Rad8 20. Qh6 Rd7 21. a3 f6 22. Rfe1 Rc8 23. Bc5 Qa5 24. Rbc1 Qc7 25. f4 Rcd8 26. f5 Bf7 27. e5 Rd2 28. exf6 exf6 29. Re8+ Rxe8 30. Qxd2 g5 31. Re1 Rxe1+ 32. Qxe1 Qd7 33. Qe7 Qd1+ 34. Kf2 Qc2+ 35. Ke1 Qc1+ 36. Kf2 Qb2+ 37. Ke1 Qc1+ 38. Kf2 Qd2+ 39. Kg1 Qd1+ 40. Kf2 Qc2+ 41. Ke1 Qc1+ 1/2-1/2

[Event "Charlotte Spring GMA 2024"]
[Site "Charlotte"]
[Date "2024.03.31"]
[Round "9"]
[White "Ali Marandi, Cemil Can"]
[Black "Putnam, Liam H"]
[Result "1/2-1/2"]
[WhiteElo "2516"]
[BlackElo "2323"]
[PlyCount "56"]
[EventDate "2024.03.27"]
[EventType "tourn"]
[EventRounds "9"]
[EventCountry "USA"]
[EventCategory "6"]
[SourceTitle "CB14_2024"]
[SourceDate "2024.04.01"]
[SourceVersion "1"]
[SourceVersionDate "2024.04.01"]
[SourceQuality "1"]

1. d4 Nf6 2. Nf3 d5 3. c3 g6 4. Bf4 Bg7 5. h3 0-0 6. e3 c5 7. Nbd2 b6 8. Bh2 Bb7 9. Bd3 Nc6 10. 0-0 Nd7 11. Qe2 e5 12. dxe5 Ndxe5 13. Nxe5 Nxe5 14. Ba6 Qc8 15. Bxb7 Qxb7 16. Bxe5 Bxe5 17. Rad1 Rad8 18. Nf3 Bf6 19. Rd2 Rd7 20. Rfd1 Rfd8 21. Ne1 d4 22. exd4 cxd4 23. Qf3 dxc3 24. Rxd7 Rxd7 25. Rxd7 Qxd7 26. Qxf6 c2 27. Nxc2 Qd1+ 28. Kh2 Qxc2 1/2-1/2

[Event "Charlotte Spring GMA 2024"]
[Site "Charlotte"]
[Date "2024.03.29"]
[Round "4"]
[White "Homa, Seth"]
[Black "Ali Marandi, Cemil Can"]
[Result "0-1"]
[WhiteElo "2234"]
[BlackElo "2516"]
[PlyCount "70"]
[EventDate "2024.03.27"]
[EventType "tourn"]
[EventRounds "9"]
[EventCountry "USA"]
[EventCategory "6"]
[SourceTitle "CB14_2024"]
[SourceDate "2024.04.01"]
[SourceVersion "1"]
[SourceVersionDate "2024.04.01"]
[SourceQuality "1"]

1. c4 e6 2. g3 d5 3. Bg2 Nf6 4. Nf3 Bd6 5. d4 h6 6. 0-0 0-0 7. Qc2 b6 8. Nc3 Bb7 9. cxd5 exd5 10. Bf4 Re8 11. Rfd1 Nbd7 12. Rac1 a6 13. h4 Rc8 14. e3 Bxf4 15. gxf4 c5 16. Qf5 Rc7 17. dxc5 bxc5 18. Ne5 Nf8 19. Qh3 Ne6 20. b3 Qa8 21. Ne2 Rd8 22. f5 Nf8 23. Nf4 Re8 24. Ned3 Qc8 25. b4 N8d7 26. bxc5 Nxc5 27. Nb4 Nce4 28. Ne2 a5 29. Nd3 Ba6 30. Ndf4 Rc2 31. Bf1 Qc5 32. a4 Nxf2 33. Kxf2 Rxe3 34. Rxc2 Rxe2+ 35. Kf3 Qf2# 0-1

[Event "Charlotte Spring GMA 2024"]
[Site "Charlotte"]
[Date "2024.03.27"]
[Round "1"]
[White "Chen, Ryo"]
[Black "Ali Marandi, Cemil Can"]
[Result "1/2-1/2"]
[WhiteElo "2316"]
[BlackElo "2516"]
[PlyCount "41"]
[EventDate "2024.03.27"]
[EventType "tourn"]
[EventRounds "9"]
[EventCountry "USA"]
[EventCategory "6"]
[SourceTitle "CB14_2024"]
[SourceDate "2024.04.01"]
[SourceVersion "1"]
[SourceVersionDate "2024.04.01"]
[SourceQuality "1"]

1. e4 c6 2. d4 d5 3. Nd2 dxe4 4. Nxe4 Nf6 5. Nxf6+ exf6 6. c3 Bd6 7. Bd3 0-0 8. Ne2 Re8 9. 0-0 Nd7 10. Bf4 Nf8 11. Qd2 Ng6 12. Bxd6 Qxd6 13. Rfe1 Be6 14. Ng3 Re7 15. Nf5 Bxf5 16. Bxf5 Rae8 17. Rxe7 Rxe7 18. Bxg6 hxg6 19. Re1 Re6 20. Rxe6 Qxe6 21. b3 1/2-1/2

[Event "EU-chT 24th"]
[Site "Budva"]
[Date "2023.11.12"]
[Round "2.7"]
[White "Fressinet, Laurent"]
[Black "Ali Marandi, Cemil Can"]
[Result "1/2-1/2"]
[WhiteElo "2640"]
[BlackElo "2544"]
[PlyCount "67"]
[EventDate "2023.11.11"]
[EventType "team-swiss"]
[EventRounds "9"]
[EventCountry "MNE"]
[SourceTitle "CB47_2023"]
[SourceDate "2023.11.22"]
[SourceVersion "1"]
[SourceVersionDate "2023.11.22"]
[SourceQuality "1"]
[WhiteTeam "France"]
[BlackTeam "Turkey"]
[WhiteTeamCountry "FRA"]
[BlackTeamCountry "TUR"]

1. e4 e5 2. Nf3 Nc6 3. Bb5 a6 4. Ba4 Nf6 5. d3 d6 6. c4 g6 7. h3 Bg7 8. Nc3 0-0 9. 0-0 Nh5 10. Bg5 f6 11. Be3 f5 12. exf5 gxf5 13. Bxc6 bxc6 14. Nxe5 Bxe5 15. Qxh5 f4 16. Bd2 Rb8 17. Rab1 f3 18. Rfe1 fxg2 19. Bh6 Rf7 20. Ne4 Bf5 21. Ng5 Rf6 22. Nf3 Bg6 23. Qg4 Qc8 24. Nxe5 dxe5 25. Qxg2 Qf5 26. Re3 Qh5 27. Bg5 Rf5 28. Rg3 Rbf8 29. Be3 Rf3 30. Rg5 Qxh3 31. Qxh3 Rxh3 32. Rxe5 Bxd3 33. Rd1 Bf5 34. Rd4 1/2-1/2

[Event "Sunnyvale Silicon Valley Fall op"]
[Site "Sunnyvale"]
[Date "2023.09.01"]
[Round "3"]
[White "Ali Marandi, Cemil Can"]
[Black "Chasin, Nico Werner"]
[Result "1/2-1/2"]
[WhiteElo "2559"]
[BlackElo "2421"]
[PlyCount "84"]
[EventDate "2023.08.31"]
[EventType "swiss"]
[EventRounds "9"]
[EventCountry "USA"]
[SourceTitle "EXT 2024"]
[Source "ChessBase"]
[SourceDate "2023.10.10"]
[SourceVersion "1"]
[SourceVersionDate "2023.10.10"]
[SourceQuality "1"]

1. e4 e5 2. Nf3 Nf6 3. Nxe5 d6 4. Nf3 Nxe4 5. Nc3 Nxc3 6. dxc3 Be7 7. Bf4 0-0 8. Qd2 Nd7 9. 0-0-0 Nc5 10. h4 Re8 11. Ng5 h6 12. Bc4 hxg5 13. hxg5 Bxg5 14. Bxg5 Ne4 15. Qf4 Nxg5 16. Qh2 Nh3 17. gxh3 Be6 18. Bd3 Bf5 19. Rhg1 Bxd3 20. Rxd3 Qf6 21. Rdg3 g6 22. Qg2 Re2 23. Qxb7 Qf4+ 24. Kb1 Rae8 25. a3 Qxf2 26. R3g2 Qc5 27. Qf3 Re1+ 28. Rxe1 Rxe1+ 29. Ka2 Qc4+ 30. b3 Qf1 31. Qxf1 Rxf1 32. Rg4 Rf3 33. Rc4 Rxh3 34. Rxc7 g5 35. Rxa7 g4 36. b4 g3 37. Ra5 f6 38. b5 Rh5 39. c4 g2 40. b6 Rxa5 41. b7 Kg7 42. b8Q g1Q 1/2-1/2

[Event "TUR-chT"]
[Site "Ankara"]
[Date "2023.07.15"]
[Round "6.2"]
[White "Ali Marandi, Cemil Can"]
[Black "Celik, Hasan Huseyin"]
[Result "1-0"]
[WhiteElo "2568"]
[BlackElo "2405"]
[PlyCount "83"]
[EventDate "2023.07.10"]
[EventType "team-tourn"]
[EventRounds "11"]
[EventCountry "TUR"]
[SourceTitle "EXT 2024"]
[Source "ChessBase"]
[SourceDate "2023.10.10"]
[SourceVersion "1"]
[SourceVersionDate "2023.10.10"]
[SourceQuality "1"]
[WhiteTeam "Bayegan Pendik"]
[BlackTeam "Burhaniye"]
[WhiteTeamCountry "TUR"]
[BlackTeamCountry "TUN"]

1. Nf3 Nf6 2. c4 c6 3. g3 d5 4. Bg2 e6 5. 0-0 Be7 6. d4 0-0 7. Qc2 b6 8. Nbd2 Ba6 9. Re1 Nbd7 10. e4 Rc8 11. e5 Ne8 12. Bf1 Nc7 13. b3 c5 14. Bb2 Bb7 15. Rad1 Qe8 16. Bg2 b5 17. b4 cxb4 18. c5 Nb8 19. h4 f5 20. exf6 Bxf6 21. Ng5 Bxg5 22. hxg5 Qg6 23. Qxg6 hxg6 24. Nf3 Nc6 25. Nh4 Ne7 26. Bh3 Kf7 27. Bc1 Rh8 28. Kg2 Bc6 29. Bf4 Bd7 30. Bd6 Rh5 31. Bxe7 Kxe7 32. Nxg6+ Kd8 33. Ne5 Be8 34. f4 Rh8 35. g4 a5 36. f5 Rf8 37. Rf1 exf5 38. gxf5 Ra8 39. f6 gxf6 40. gxf6 Rg8+ 41. Kh2 Bh5 42. f7 1-0

[Event "TUR-chT"]
[Site "Ankara"]
[Date "2022.08.25"]
[Round "11.1"]
[White "Ali Marandi, Cemil Can"]
[Black "Unver, Cumali"]
[Result "1-0"]
[WhiteElo "2561"]
[BlackElo "2056"]
[PlyCount "61"]
[EventDate "2022.08.16"]
[EventType "team-tourn"]
[EventRounds "13"]
[EventCountry "TUR"]
[SourceTitle "CBM 209 Extra"]
[Source "ChessBase"]
[SourceDate "2022.09.30"]
[SourceVersion "1"]
[SourceVersionDate "2022.09.30"]
[SourceQuality "1"]
[WhiteTeam "Turk Hava Yollari"]
[BlackTeam "Gokyay Vakfi"]
[WhiteTeamCountry "TUR"]
[BlackTeamCountry "TUR"]

1. d4 Nf6 2. Bf4 e6 3. Nf3 c5 4. e3 Be7 5. Nbd2 Nc6 6. c3 0-0 7. h3 b6 8. Bd3 Bb7 9. 0-0 cxd4 10. exd4 d6 11. Qe2 Re8 12. Rad1 a6 13. Rfe1 b5 14. Ng5 Bf8 15. Nde4 g6 16. Qf3 Nxe4 17. Bxe4 d5 18. Bb1 Qf6 19. Qg3 Rac8 20. h4 h5 21. Rd3 Qg7 22. Rf3 Re7 23. Nxf7 Rxf7 24. Rxe6 Qh8 25. Bxg6 Rg7 26. Bd6 Qh6 27. Bf7+ Kh7 28. Rxh6+ Kxh6 29. Qf4+ Kh7 30. Bxf8 Rxf8 31. Bg6+ 1-0

[Event "TUR-chT"]
[Site "Ankara"]
[Date "2022.08.16"]
[Round "1.4"]
[White "Eren, Ataberk"]
[Black "Ali Marandi, Cemil Can"]
[Result "0-1"]
[WhiteElo "2211"]
[BlackElo "2561"]
[PlyCount "80"]
[EventDate "2022.08.16"]
[EventType "team-tourn"]
[EventRounds "13"]
[EventCountry "TUR"]
[SourceTitle "CBM 209 Extra"]
[Source "ChessBase"]
[SourceDate "2022.09.30"]
[SourceVersion "1"]
[SourceVersionDate "2022.09.30"]
[SourceQuality "1"]
[WhiteTeam "Bursa Buyuksehir"]
[BlackTeam "Turk Hava Yollari"]
[WhiteTeamCountry "TUR"]
[BlackTeamCountry "TUR"]

1. d4 d5 2. c4 e6 3. Nc3 h6 4. Nf3 Nf6 5. Bf4 Bd6 6. Bxd6 Qxd6 7. e3 0-0 8. Rc1 a6 9. cxd5 exd5 10. Bd3 Bg4 11. h3 Bxf3 12. Qxf3 Re8 13. 0-0 Nbd7 14. Rfd1 Re7 15. Ne2 c6 16. Qg3 Qxg3 17. Nxg3 g6 18. b4 Nb6 19. Ne2 Ne8 20. Nc3 Nd6 21. a4 Kg7 22. b5 cxb5 23. a5 Na4 24. Nxa4 bxa4 25. Rc5 Rc8 26. Rxc8 Nxc8 27. Bc2 a3 28. Bb3 b5 29. Rc1 Nd6 30. Bxd5 b4 31. Kf1 Nb5 32. Bb3 Nc3 33. Ke1 Rb7 34. Kd2 Rb5 35. Bc4 Rxa5 36. Kc2 Rf5 37. f4 a5 38. Kb3 Rf6 39. Rxc3 bxc3 40. Kxc3 Rc6 0-1

[Event "Olympiad-44"]
[Site "Chennai"]
[Date "2022.08.09"]
[Round "11.3"]
[White "Ali Marandi, Cemil Can"]
[Black "Moranda, Wojciech"]
[Result "1-0"]
[WhiteElo "2561"]
[BlackElo "2636"]
[PlyCount "83"]
[EventDate "2022.07.29"]
[EventType "team-swiss"]
[EventRounds "11"]
[EventCountry "IND"]
[SourceTitle "CBM 210"]
[Source "ChessBase"]
[SourceDate "2022.10.31"]
[SourceVersion "1"]
[SourceVersionDate "2022.10.31"]
[SourceQuality "1"]
[WhiteTeam "Turkey"]
[BlackTeam "Poland"]
[WhiteTeamCountry "TUR"]
[BlackTeamCountry "POL"]

1. e4 c6 2. d4 d5 3. Nc3 dxe4 4. Nxe4 Nf6 5. Nxf6+ exf6 6. c3 Bd6 7. Bd3 0-0 8. Qc2 Re8+ 9. Ne2 h5 10. Be3 Nd7 11. 0-0-0 b5 12. g4 hxg4 13. Rdg1 Nf8 14. Ng3 g6 15. h3 Bxg3 16. Rxg3 Qd5 17. Rh2 gxh3 18. f4 Bg4 19. f5 Rxe3 20. Rxe3 gxf5 21. Bf1 Ng6 22. Bxh3 Kg7 23. Rg3 Qd6 24. Qf2 Rh8 25. Kb1 Qf4 26. Qxf4 Nxf4 27. Bxg4 Rxh2 28. Bxf5+ Kf8 29. Bd7 Ke7 30. Bxc6 a6 31. a4 bxa4 32. Bxa4 Ne6 33. Re3 Kd6 34. Rf3 Ke7 35. Rf5 Rg2 36. Ra5 Nc7 37. Rc5 Ne6 38. Rc6 a5 39. d5 Nf4 40. d6+ Ke6 41. d7+ Ke7 42. Rc8 1-0

[Event "Olympiad-44"]
[Site "Chennai"]
[Date "2022.07.31"]
[Round "3.4"]
[White "Ali Marandi, Cemil Can"]
[Black "Georgiev, Todor"]
[Result "1-0"]
[WhiteElo "2561"]
[BlackElo "2272"]
[PlyCount "55"]
[EventDate "2022.07.29"]
[EventType "team-swiss"]
[EventRounds "11"]
[EventCountry "IND"]
[SourceTitle "CBM 210"]
[Source "ChessBase"]
[SourceDate "2022.10.31"]
[SourceVersion "1"]
[SourceVersionDate "2022.10.31"]
[SourceQuality "1"]
[WhiteTeam "Turkey"]
[BlackTeam "Bulgaria"]
[WhiteTeamCountry "TUR"]
[BlackTeamCountry "BUL"]

1. e4 c5 2. Nf3 d6 3. Bb5+ Nd7 4. d4 cxd4 5. Nxd4 Ngf6 6. 0-0 a6 7. Bd3 g6 8. Re1 Bg7 9. c4 0-0 10. Nc3 Nc5 11. Bf1 Ng4 12. h3 Ne5 13. Be3 Nc6 14. Qd2 Bd7 15. Rad1 Nxd4 16. Bxd4 Bxd4 17. Qxd4 Bc6 18. Qe3 Na4 19. Nxa4 Bxa4 20. b3 Bc6 21. e5 Qa5 22. exd6 exd6 23. Qd2 Qa3 24. h4 Rfe8 25. h5 Re5 26. h6 Rh5 27. Be2 Rh4 28. Qg5 1-0

[Event "Paleochora op 15th"]
[Site "Paleochora"]
[Date "2022.07.24"]
[Round "9"]
[White "Ali Marandi, Cemil Can"]
[Black "Kelires, Andreas"]
[Result "1/2-1/2"]
[WhiteElo "2561"]
[BlackElo "2528"]
[PlyCount "80"]
[EventDate "2022.07.17"]
[EventType "swiss"]
[EventRounds "9"]
[EventCountry "GRE"]
[SourceTitle "CBM 209 Extra"]
[Source "ChessBase"]
[SourceDate "2022.09.30"]
[SourceVersion "1"]
[SourceVersionDate "2022.09.30"]
[SourceQuality "1"]

1. d4 Nf6 2. Nf3 d5 3. c3 g6 4. Bf4 Bg7 5. e3 0-0 6. Nbd2 Bf5 7. h3 Nbd7 8. Qb3 Qc8 9. g4 Be6 10. Ng5 c6 11. Nxe6 fxe6 12. Bg2 Ne8 13. 0-0 Kh8 14. Bg3 e5 15. e4 e6 16. Nf3 Nd6 17. exd5 cxd5 18. Nxe5 Nxe5 19. dxe5 Nc4 20. Rfe1 Qc5 21. Rad1 Rf7 22. Rd4 Raf8 23. f4 Rxf4 24. Bxf4 Rxf4 25. Kh1 Rf7 26. Qa4 Qf8 27. Rxc4 dxc4 28. Qxc4 Qe7 29. Qc8+ Bf8 30. Rd1 b6 31. b4 Kg7 32. a3 Kh6 33. Qc6 Bg7 34. Qd6 Qg5 35. Re1 Qh4 36. Re4 Qg5 37. Qd4 Rf8 38. c4 Rf4 39. Rxf4 Bxe5 40. Qe4 Qxf4 1/2-1/2

[Event "Paleochora op 15th"]
[Site "Paleochora"]
[Date "2022.07.23"]
[Round "8"]
[White "Stremavicius, Titas"]
[Black "Ali Marandi, Cemil Can"]
[Result "1/2-1/2"]
[WhiteElo "2532"]
[BlackElo "2561"]
[PlyCount "24"]
[EventDate "2022.07.17"]
[EventType "swiss"]
[EventRounds "9"]
[EventCountry "GRE"]
[SourceTitle "CBM 209 Extra"]
[Source "ChessBase"]
[SourceDate "2022.09.30"]
[SourceVersion "1"]
[SourceVersionDate "2022.09.30"]
[SourceQuality "1"]

1. d4 d5 2. c4 e6 3. Nc3 h6 4. cxd5 exd5 5. Bf4 c6 6. e3 Bd6 7. Bxd6 Qxd6 8. Bd3 Ne7 9. Qc2 Qf6 10. Nge2 Bf5 11. Bxf5 Qxf5 12. Qxf5 Nxf5 1/2-1/2

[Event "Paleochora op 15th"]
[Site "Paleochora"]
[Date "2022.07.20"]
[Round "5"]
[White "Ali Marandi, Cemil Can"]
[Black "Spyropoulos, Nikolaos"]
[Result "1-0"]
[WhiteElo "2561"]
[BlackElo "2446"]
[PlyCount "73"]
[EventDate "2022.07.17"]
[EventType "swiss"]
[EventRounds "9"]
[EventCountry "GRE"]
[SourceTitle "CBM 209 Extra"]
[Source "ChessBase"]
[SourceDate "2022.09.30"]
[SourceVersion "1"]
[SourceVersionDate "2022.09.30"]
[SourceQuality "1"]

1. d4 Nf6 2. Nf3 e6 3. Bf4 c5 4. e3 d5 5. c3 Nc6 6. Nbd2 Bd6 7. Bg3 Qe7 8. Ne5 Nd7 9. Bb5 Ndxe5 10. dxe5 Bc7 11. Qg4 Qf8 12. Bxc6+ bxc6 13. 0-0 Ba6 14. Rfe1 h5 15. Qa4 Bb5 16. Qc2 h4 17. Bf4 Ba5 18. a4 Ba6 19. b4 Bc7 20. e4 Qe7 21. Be3 Bxe5 22. Nf3 Bd6 23. e5 Bc7 24. Bxc5 Qd7 25. Qd2 Rh5 26. h3 Bc4 27. Qd4 Bd8 28. Nd2 Ba6 29. Rad1 Qc8 30. c4 Bxc4 31. Nxc4 dxc4 32. Qxc4 Qb7 33. Qg4 g6 34. Rd6 Rf5 35. Red1 Rxe5 36. Qf4 Rh5 37. Rxe6+ 1-0

[Event "Paleochora op 15th"]
[Site "Paleochora"]
[Date "2022.07.19"]
[Round "4"]
[White "Ali Marandi, Cemil Can"]
[Black "Baillon, Olivier"]
[Result "1-0"]
[WhiteElo "2561"]
[BlackElo "2219"]
[PlyCount "65"]
[EventDate "2022.07.17"]
[EventType "swiss"]
[EventRounds "9"]
[EventCountry "GRE"]
[SourceTitle "CBM 209 Extra"]
[Source "ChessBase"]
[SourceDate "2022.09.30"]
[SourceVersion "1"]
[SourceVersionDate "2022.09.30"]
[SourceQuality "1"]

1. d4 d5 2. c4 e6 3. Nf3 Nf6 4. Nc3 c5 5. cxd5 Nxd5 6. e4 Nxc3 7. bxc3 Be7 8. Bd3 0-0 9. 0-0 cxd4 10. cxd4 Nd7 11. Bf4 Qa5 12. Qe2 Re8 13. Rab1 a6 14. Rfc1 Ba3 15. Rc2 Qh5 16. e5 Nf8 17. h3 Be7 18. Kh2 Ng6 19. Bd2 f5 20. a4 Bd8 21. a5 h6 22. Ne1 Qh4 23. Rc4 Nf4 24. Qf3 Nd5 25. Bc2 Rf8 26. Nd3 Bd7 27. Nc5 Bb5 28. Nxe6 Bxc4 29. Nxf8 Qxd4 30. Qxf5 Qxd2 31. Ne6 Be7 32. Qh7+ Kf7 33. Qg6+ 1-0

[Event "Teplice op 15th"]
[Site "Teplice"]
[Date "2022.06.23"]
[Round "6"]
[White "Yilmazyerli, Mert"]
[Black "Ali Marandi, Cemil Can"]
[Result "1/2-1/2"]
[WhiteElo "2504"]
[BlackElo "2532"]
[PlyCount "29"]
[EventDate "2022.06.18"]
[EventType "swiss"]
[EventRounds "9"]
[EventCountry "CZE"]
[SourceTitle "CBM 209 Extra"]
[Source "ChessBase"]
[SourceDate "2022.09.30"]
[SourceVersion "1"]
[SourceVersionDate "2022.09.30"]
[SourceQuality "1"]

1. d4 Nf6 2. c4 g6 3. Nc3 d5 4. cxd5 Nxd5 5. e4 Nxc3 6. bxc3 Bg7 7. Nf3 c5 8. Be3 Qa5 9. Nd2 Nd7 10. Nb3 Qxc3+ 11. Bd2 Qb2 12. Bc1 Qc3+ 13. Bd2 Qb2 14. Bc1 Qc3+ 15. Bd2 1/2-1/2

[Event "Teplice op 15th"]
[Site "Teplice"]
[Date "2022.06.22"]
[Round "5"]
[White "Ali Marandi, Cemil Can"]
[Black "Raja, Harshit"]
[Result "1-0"]
[WhiteElo "2532"]
[BlackElo "2479"]
[PlyCount "59"]
[EventDate "2022.06.18"]
[EventType "swiss"]
[EventRounds "9"]
[EventCountry "CZE"]
[SourceTitle "CBM 209 Extra"]
[Source "ChessBase"]
[SourceDate "2022.09.30"]
[SourceVersion "1"]
[SourceVersionDate "2022.09.30"]
[SourceQuality "1"]

1. e4 c5 2. Nf3 d6 3. Bb5+ Bd7 4. Bxd7+ Qxd7 5. 0-0 Nc6 6. c3 Nf6 7. Re1 e6 8. d4 cxd4 9. cxd4 d5 10. e5 Ne4 11. Nbd2 Nxd2 12. Bxd2 Be7 13. Rc1 0-0 14. Rc3 Rfc8 15. a3 b5 16. Rd3 Qd8 17. h4 b4 18. Nh2 bxa3 19. bxa3 Rab8 20. Qg4 Bf8 21. Qf4 Qb6 22. h5 Rb7 23. Ng4 Kh8 24. h6 g6 25. Rc1 a5 26. Rdc3 Kg8 27. Nf6+ Kh8 28. Nxd5 Qa6 29. Ne3 Rbc7 30. d5 1-0

[Event "Teplice op 15th"]
[Site "Teplice"]
[Date "2022.06.19"]
[Round "2"]
[White "Smolik, Jachym"]
[Black "Ali Marandi, Cemil Can"]
[Result "0-1"]
[WhiteElo "2265"]
[BlackElo "2532"]
[PlyCount "80"]
[EventDate "2022.06.18"]
[EventType "swiss"]
[EventRounds "9"]
[EventCountry "CZE"]
[SourceTitle "CBM 209 Extra"]
[Source "ChessBase"]
[SourceDate "2022.09.30"]
[SourceVersion "1"]
[SourceVersionDate "2022.09.30"]
[SourceQuality "1"]

1. d4 Nf6 2. c4 g6 3. Nc3 Bg7 4. e4 d6 5. Be2 Nbd7 6. Bg5 h6 7. Be3 e5 8. d5 Nc5 9. f3 h5 10. Qd2 h4 11. b4 Na6 12. a3 Nh5 13. Bf1 Nf4 14. Nge2 Qf6 15. Nb5 h3 16. Nxf4 exf4 17. Bd4 Qh4+ 18. Qf2 hxg2 19. Bxg2 Bxd4 20. Qxh4 Rxh4 21. Nxd4 Bd7 22. 0-0 Ke7 23. Rf2 Kf6 24. Bf1 Rg8 25. Rc1 g5 26. c5 Nb8 27. c6 bxc6 28. dxc6 Bc8 29. Nb5 g4 30. Nxc7 gxf3+ 31. Kh1 Nxc6 32. Rxc6 Rhg4 33. h3 Rh4 34. Rxf3 Ke5 35. b5 Bg4 36. Rd3 f3 37. Kh2 Bxh3 38. Rd5+ Kf4 39. Rh5 Rxh5 40. Nd5+ Ke5 0-1

[Event "USA-chT College final"]
[Site "Dulles"]
[Date "2022.04.02"]
[Round "2.2"]
[White "Schmakel, Sam A"]
[Black "Ali Marandi, Cemil Can"]
[Result "0-1"]
[WhiteElo "2421"]
[BlackElo "2523"]
[PlyCount "130"]
[EventDate "2022.04.02"]
[EventType "team-tourn"]
[EventRounds "3"]
[EventCountry "USA"]
[SourceTitle "CBM 207 Extra"]
[Source "ChessBase"]
[SourceDate "2022.05.31"]
[SourceVersion "1"]
[SourceVersionDate "2022.05.31"]
[SourceQuality "1"]
[WhiteTeam "Texas Tech Univ"]
[BlackTeam "St Louis Univ"]
[WhiteTeamCountry "USA"]
[BlackTeamCountry "USA"]

1. e4 e5 2. Nf3 Nc6 3. Bc4 Nf6 4. d3 Bc5 5. c3 d6 6. 0-0 0-0 7. Re1 a5 8. h3 h6 9. Nbd2 Be6 10. Bb5 Nd7 11. Nf1 d5 12. exd5 Bxd5 13. Ne3 Bxe3 14. Bxe3 f5 15. d4 f4 16. Bc1 exd4 17. Bxc6 bxc6 18. Nxd4 Qf6 19. Qh5 Nb6 20. Re5 g6 21. Qe2 Rad8 22. b3 c5 23. Nf3 c6 24. Ba3 Nd7 25. Re7 Rf7 26. Re1 Rxe7 27. Qxe7 Qxe7 28. Rxe7 Kf8 29. Rh7 Kg8 30. Rxh6 Bxf3 31. Rxg6+ Kf7 32. Rd6 Ke7 33. Rd3 Be4 34. Rd1 Bd5 35. c4 Be6 36. Kh2 a4 37. Bc1 axb3 38. axb3 Rb8 39. Rd3 Ne5 40. Rc3 Rf8 41. Ba3 Kd6 42. Bc1 Bg8 43. g3 fxg3+ 44. Kxg3 Ke6 45. Re3 Kf5 46. Ba3 Rd8 47. Bxc5 Rd3 48. f4 Rxe3+ 49. Bxe3 Nd3 50. Kf3 Bf7 51. Ke2 Ke4 52. f5 Ne5 53. f6 Bh5+ 54. Kd2 Nf3+ 55. Ke2 Nd4+ 56. Kf2 Nxb3 57. Bb6 Bf7 58. c5 Kd5 59. h4 Nxc5 60. Ke3 Nd7 61. Bd8 Ke5 62. Kd3 Nxf6 63. Be7 Nd7 64. Kc3 Kd5 65. Bf8 Nxf8 0-1

[Event "Saint Louis Spring-B"]
[Site "Saint Louis"]
[Date "2022.03.10"]
[Round "9"]
[White "Ali Marandi, Cemil Can"]
[Black "Moradiabadi, Elshan"]
[Result "1-0"]
[WhiteElo "2524"]
[BlackElo "2540"]
[PlyCount "57"]
[EventDate "2022.03.02"]
[EventType "tourn"]
[EventRounds "9"]
[EventCountry "USA"]
[EventCategory "11"]
[SourceTitle "CBM 207 Extra"]
[Source "ChessBase"]
[SourceDate "2022.05.31"]
[SourceVersion "1"]
[SourceVersionDate "2022.05.31"]
[SourceQuality "1"]

1. e4 e5 2. Nf3 Nc6 3. Bc4 Bc5 4. c3 Nf6 5. d4 exd4 6. b4 Bb6 7. e5 d5 8. exf6 dxc4 9. Qe2+ Be6 10. b5 Nb4 11. fxg7 Rg8 12. cxb4 Rxg7 13. Qe5 f6 14. Qh5+ Bf7 15. Qh3 Qd5 16. 0-0 Be6 17. Qh6 Kf7 18. Bf4 c3 19. Bg3 Bg4 20. Re1 Bxf3 21. gxf3 Kg8 22. Kg2 Qxb5 23. Qxf6 Rg6 24. Qh4 Qxb4 25. Re7 h6 26. Qe4 Qd6 27. Nxc3 dxc3 28. Qc4+ Kh8 29. Qf7 1-0